Intenzívna starostlivosť (Record no. 22251)
[ view plain ]
| 000 -LEADER | |
|---|---|
| fixed length control field | 01779cam a2200481 a 4500 |
| 001 - CONTROL NUMBER | |
| control field | 22251 |
| 003 - CONTROL NUMBER IDENTIFIER | |
| control field | VRT |
| 005 - DATE AND TIME OF LATEST TRANSACTION | |
| control field | 20260323152747.0 |
| 008 - FIXED-LENGTH DATA ELEMENTS--GENERAL INFORMATION | |
| fixed length control field | 240226s1996 xo era 000 f slo |
| 015 ## - NATIONAL BIBLIOGRAPHY NUMBER | |
| National bibliography number | SNBA1997/0200319 |
| 020 ## - INTERNATIONAL STANDARD BOOK NUMBER | |
| International Standard Book Number | 8022007218 |
| 035 ## - SYSTEM CONTROL NUMBER | |
| System control number | SNK000168978 |
| 035 ## - SYSTEM CONTROL NUMBER | |
| System control number | urn:nbn:sk:snk-amk3gt |
| 035 ## - SYSTEM CONTROL NUMBER | |
| System control number | urn:nbn:sk:snk-am0058m9 |
| 035 ## - SYSTEM CONTROL NUMBER | |
| System control number | D1F74040-49FB-4E4A-9BA9-018838A48F3B |
| 039 #9 - LEVEL OF BIBLIOGRAPHIC CONTROL AND CODING DETAIL [OBSOLETE] | |
| Level of rules in bibliographic description | 202408181445 |
| Level of effort used to assign nonsubject heading access points | csnk01 |
| Level of effort used to assign subject headings | 202408181444 |
| Level of effort used to assign classification | csnk01 |
| Level of effort used to assign subject headings | 202408181441 |
| Level of effort used to assign classification | csnk01 |
| Level of effort used to assign subject headings | 202402262051 |
| Level of effort used to assign classification | VLOAD |
| 040 ## - CATALOGING SOURCE | |
| Original cataloging agency | SNK |
| Language of cataloging | slo |
| Transcribing agency | SNK |
| Description conventions | AACR2 |
| 041 1# - LANGUAGE CODE | |
| Language code of text/sound track or separate title | slo |
| Language code of original | eng |
| 044 ## - COUNTRY OF PUBLISHING/PRODUCING ENTITY CODE | |
| MARC country code | xo |
| ISO country code | SK |
| 072 #7 - SUBJECT CATEGORY CODE | |
| Subject category code | 821.111(73)-3 |
| Subject category code subdivision | Americká próza |
| Source | konspekt |
| 080 ## - UNIVERSAL DECIMAL CLASSIFICATION NUMBER | |
| Universal Decimal Classification number | 821.111(73)-31 |
| Edition identifier | 2001 |
| 100 1# - MAIN ENTRY--PERSONAL NAME | |
| Personal name | Heron, Echo |
| Relationship | aut |
| 240 10 - UNIFORM TITLE | |
| Uniform title | Intensive care |
| Language of a work | Slovensky |
| 245 10 - TITLE STATEMENT | |
| Title | Intenzívna starostlivosť |
| Remainder of title | príbeh zdravotnej sestry |
| Statement of responsibility, etc. | Echo Heronová |
| 250 ## - EDITION STATEMENT | |
| Edition statement | 1. vyd. |
| 260 ## - PUBLICATION, DISTRIBUTION, ETC. | |
| Place of publication, distribution, etc. | Bratislava |
| Name of publisher, distributor, etc. | Slovenský spisovateľ |
| Date of publication, distribution, etc. | c1996 |
| 300 ## - PHYSICAL DESCRIPTION | |
| Extent | 304 s. |
| Dimensions | 21 cm |
| 500 ## - GENERAL NOTE | |
| General note | Ilustrácie na titulnej strane |
| 500 ## - GENERAL NOTE | |
| General note | Z anglického originálu preložil Jozef Kot |
| 655 #7 - INDEX TERM--GENRE/FORM | |
| Genre/form data or focus term | americké romány |
| Source of term | SNKPH |
| 655 #7 - INDEX TERM--GENRE/FORM | |
| Genre/form data or focus term | American fiction |
| Source of term | SNKPHeng |
| 700 1# - ADDED ENTRY--PERSONAL NAME | |
| Personal name | Kot, Jozef, |
| Dates associated with a name | 1936-2022 |
| Relationship | trl |
| 911 ## - EQUIVALENCE OR CROSS-REFERENCE-CONFERENCE OR MEETING NAME [LOCAL, CANADA] | |
| Meeting name or jurisdiction name as entry element | KN 1997/02 |
| Number [OBSOLETE] | 00319 |
| 942 ## - ADDED ENTRY ELEMENTS (KOHA) | |
| Source of classification or shelving scheme | Dewey Decimal Classification |
| Koha item type | Krásna literatúra pre dospelých |
| Suppress in OPAC | No |
| 949 ## - LOCAL PROCESSING INFORMATION (OCLC) | |
| 6 | 270001000035180 |
| a | svkbbA 91953 |
| b | svkbbm 604512 |
| p | 604.512 |
| 949 ## - LOCAL PROCESSING INFORMATION (OCLC) | |
| 9 | P60, <09>, [BOOK], {629} |
| a | snkC 3085 |
| b | snk4031/961118 |
| 949 ## - LOCAL PROCESSING INFORMATION (OCLC) | |
| 6 | 17A0017350 |
| 9 | P60, <03>, [BOOK], {603} |
| a | snkSC 91694 |
| b | snkKSP 9841/96 |
| s | 6100:20140925 |
| 949 ## - LOCAL PROCESSING INFORMATION (OCLC) | |
| 6 | 17A0017351 |
| 9 | P60, <05>, [BOOK], {605} |
| a | snkSC 91694 D1 |
| b | snkKSP 9842/96 |
| 949 ## - LOCAL PROCESSING INFORMATION (OCLC) | |
| 6 | 273K0229362 |
| a | svkpoA 168544 |
| b | svkpo419020 |
| 949 ## - LOCAL PROCESSING INFORMATION (OCLC) | |
| 6 | 3830001101754 |
| a | kurukT1/HERO1-1 |
| b | kuruk2015/F3252 |
| Stav vyradenia | Strata | Poškodenie | Spôsob nadobudnutia | Domovská knižnica | Aktuálna knižnica | Dátum nadobudnutia | Total checkouts | Čiarový kód exemplára | Date last seen | Typ exemplára |
|---|---|---|---|---|---|---|---|---|---|---|
| Dar | Obecná knižnica Horná Štubňa | Obecná knižnica Horná Štubňa | 23.03.2026 | 9788022007214 | 23.03.2026 | Krásna literatúra pre dospelých |
